000 01146 a2200157 4500
003 Nust
005 20230123094815.0
040 _cNust
082 _a370.95491,ALI
100 _aMir Muhammad Ali
_9107349
245 _aTechnical education in Pakistan:
_ba study of issues and strategies /
_cMir Mohammed Ali
260 _aIslamabad
_bNational book foundation
_c1980
300 _a172 p:
505 _aEducational for Economic Growth (Page-1), Educational Development in Pakistan (Page-7), Expansion and Consolidation Phase (Page-15), Innovations and Experiment Phase (Page-21), Vocational Educations for Females (Page-35), Development of Commercial Education (Page-38), Vocational Training in Private Sector (Page-43), Issues and Strategy (Page-47), Educational Structure (Page-53), Non Formal Educational Programs (Page-61), Critical issues of educational Structure (Page-65), Curriculum Design (Page-77), Staff Development (Page-87), Examination Performers in Technical Education (Page-103), Research and Innovations (Page-113), Evolution of Instates (Page-137), Management of Technical Education (Page-155).
942 _2ddc
_cBK
_k370.95491,ALI
999 _c194123
_d194123